Philosophy | 7 | 4 | 0 | 1 | 145 | 36 | 67.45 | 6 | 10 |
Literature - American Literature | 2 | 6 | 1 | 0 | 85 | 64 | 97.00 | 3 | 7 |
Literature - European Literature | 1 | 7 | 1 | 0 | 80 | 46 | 105.63 | 2 | 6 |
Literature - World Literature | 1 | 6 | 0 | 1 | 75 | 21 | 102.43 | 1 | 4 |
History - Other History | 0 | 5 | 0 | 0 | 50 | 83 | 106.80 | 0 | 3 |
History - US History | 2 | 2 | 0 | 1 | 50 | 41 | 91.25 | 1 | 2 |
Fine Arts - Visual Fine Arts | 2 | 2 | 1 | 0 | 45 | 54 | 80.25 | 3 | 4 |
Other Academic | 2 | 1 | 0 | 0 | 40 | 24 | 50.67 | 0 | 2 |
Beliefs | 0 | 4 | 1 | 1 | 35 | 100 | 116.75 | 2 | 2 |
History - World History | 0 | 3 | 0 | 1 | 30 | 75 | 108.67 | 0 | 3 |
Fine Arts - Other Fine Arts | 0 | 3 | 0 | 1 | 30 | 84 | 120.33 | 0 | 1 |
History - European History | 1 | 2 | 2 | 1 | 25 | 63 | 100.67 | 0 | 2 |
Social Science | 0 | 2 | 0 | 0 | 20 | 89 | 92.50 | 1 | 1 |
Geography | 0 | 2 | 0 | 0 | 20 | 90 | 91.50 | 0 | 1 |
Fine Arts - Classical Music and Opera | 0 | 2 | 0 | 0 | 20 | 123 | 136.00 | 0 | 1 |
Literature - British Literature | 0 | 2 | 1 | 0 | 15 | 119 | 136.00 | 0 | 1 |
Science - Biology | 0 | 1 | 0 | 0 | 10 | 142 | 142.00 | 0 | 0 |
Modern World | 0 | 1 | 0 | 0 | 10 | 78 | 78.00 | 1 | 1 |